Loading...
Fundamental of general organ and biological chemistry /
| Main Author: | |
|---|---|
| Format: | Printed Book |
| Language: | English |
| Published: |
New York:
John Wiley
c1994.
|
| LEADER | 00378nam a2200109Ia 4500 | ||
|---|---|---|---|
| 008 | 130611s9999 xx 000 0 eng d | ||
| 100 | |a HolumJohn R | ||
| 245 | |a Fundamental of general organ and biological chemistry / | ||
| 260 | |a New York: |b John Wiley |c c1994. | ||
| 942 | |c BK | ||
| 999 | |c 128202 |d 128202 | ||
| 952 | |0 0 |1 0 |4 0 |7 0 |9 141585 |a ZOO |b ZOO |c ST1 |d 2013-06-11 |l 0 |p ZOO4521 |r 2013-06-11 |w 2013-06-11 |y BK | ||